000 00230nam a2200097Ia 4500
003 GCL
008 140319s9999 xx 000 0 ara d
040 _aGCL /
_cGCL
082 0 4 _a1
_bص ق ء)
245 1 0 _a6.1\ق م X)
999 _c59192
_d59192